Mensaje del señor Presidente de la República, Licenciado don Teodoro Picado M., presentado al Congreso Constitucional el 1° de mayo de 1946
Gardado en:
| Autor Principal: | |
|---|---|
| Formato: | Texto |
| Publicado: |
San José :
|
| Etiquetas: |
Engadir etiqueta
Sen Etiquetas, Sexa o primeiro en etiquetar este rexistro!
|
MARC
| LEADER | 00000 a a2200000 04500 | ||
|---|---|---|---|
| 001 | 17177 | ||
| 003 | |||
| 040 | |||
| 090 | |a 008300 | ||
| 100 | |a Picado M., Teodoro | ||
| 245 | |a Mensaje del señor Presidente de la República, Licenciado don Teodoro Picado M., presentado al Congreso Constitucional el 1° de mayo de 1946 | ||
| 260 | |a San José : | ||
| 300 | |a 28 p. | ||
| 999 | |c 17292 |d 17292 | ||
